000
00278nam a2200109Ia 4500
008
190912s9999||||xx |||||||||||||| ||und||
100
_a
Mahmood, Shahid
245
0
_a
National Bibliography Of Research Theses
260
_a
Islamabad
_b
Education
_c
2000
300
_a
441
942
_c
BK
999
_c
7614
_d
7614